Wer ist das? (2) - Statistiken

Allgemein
  • Dieses Quiz wurde 192 mal gespielt
  • Das Durchschnittsergebnis liegt bei 7 aus 25
Antwortstatistiken
Bildquiz Antwort % Korrekt
Rihanna
94%
Thomas Tuchel
73%
Jonathan Tah
71%
Guido Cantz
68%
Held der Steine
60%
Nicki Minaj
54%
Angelina Jolie
53%
John Travolta
44%
Sonya Kraus
33%
Maximilian Krah
32%
Wotan Wilke Möhring
30%
Xi Jinping
27%
Carmen Nebel
22%
Benjamin Franklin
20%
Anne Menden
15%
Catherine Zeta-Jones
12%
Thorsten Frei
10%
Tim Curry
9%
Aura Dione
5%
Alycia Marie
4%
Seppl
3%
Toni Dreher-Adenuga
2%
Jesse Jackson
1%
Mike James
1%
Otfried Preußler
1%
Keine übereinstimmenden Quizze gefunden
Verteilung der Resultate
Anzahl Personen mit jedem Resultat
Perzentil nach korrekt beantworteten Fragen
Ihre Resultats-Entwicklung
Sie haben dieses Quiz noch nicht gespielt